| 000 | 00395nam a2200157 a 4500 | ||
|---|---|---|---|
| 040 | _cDLC | ||
| 082 | 0 | _a515 WIL 1984 A023 Or. | |
| 100 | 1 | 0 | _aMalik, S. C |
| 245 | 1 | 0 | _aMathematical analysis / |
| 260 | 0 |
_aNew York : _bWiley, _cc1984 |
|
| 300 |
_avi, 698 p. : _bill. ; _c25 cm |
||
| 500 | _a"A Halsted Press book." | ||
| 500 | _aIncludes index | ||
| 650 | 0 | _aMathematical analysis | |
| 942 | _cEK | ||
| 999 |
_c16320 _d16320 |
||